[Event "Groningen Combinatie op"]
[Site "Groningen"]
[Date "2018.05.12"]
[Round "5"]
[White "Lucas, Fred"]
[Black "De Jongh, Benno"]
[Result "1-0"]
[WhiteElo "1804"]
[BlackElo "1971"]
[PlyCount "55"]
[EventDate "2018.05.10"]
[EventType "swiss"]
[EventRounds "7"]
[EventCountry "NED"]
[SourceTitle "EXT 2019"]
[Source "ChessBase"]
[SourceDate "2018.10.10"]
[SourceVersion "1"]
[SourceVersionDate "2018.10.10"]
[SourceQuality "1"]

1. d4 Nf6 2. Bf4 c5 3. e3 d5 4. Nc3 a6 5. dxc5 Nc6 6. Na4 e5 7. Bg3 Bxc5 8. Nxc5 Qa5+ 9. c3 Qxc5 10. Be2 0-0 11. Nf3 Re8 12. 0-0 Ne4 13. Re1 f5 14. Nd2 Nf6 15. c4 g5 16. Nb3 Qf8 17. cxd5 Nd8 18. f4 Nf7 19. fxe5 Nxe5 20. Qd4 Neg4 21. Bf3 h5 22. Rac1 h4 23. Bc7 Ne4 24. Bxe4 fxe4 25. h3 Nf6 26. Be5 Nd7 27. Rc7 Rd8 28. Nc5 1-0

[Event "Groningen Combinatie op"]
[Site "Groningen"]
[Date "2018.05.10"]
[Round "1"]
[White "Geurink, Jasper"]
[Black "De Jongh, Benno"]
[Result "1-0"]
[WhiteElo "2361"]
[BlackElo "1971"]
[PlyCount "71"]
[EventDate "2018.05.10"]
[EventType "swiss"]
[EventRounds "7"]
[EventCountry "NED"]
[SourceTitle "CBM 184 Extra"]
[Source "ChessBase"]
[SourceDate "2018.06.28"]
[SourceVersion "1"]
[SourceVersionDate "2018.06.28"]
[SourceQuality "1"]

1. e4 e5 2. Nf3 Nc6 3. Bc4 Nf6 4. d3 h6 5. Nc3 g5 6. d4 Qe7 7. 0-0 d6 8. Nd5 Qd8 9. dxe5 Nxe5 10. Nxe5 dxe5 11. Qf3 Nxd5 12. Bxd5 Qe7 13. Be3 Bg7 14. Bc5 Qf6 15. Qc3 c6 16. Bb3 b6 17. Ba3 Bf8 18. f4 gxf4 19. Rxf4 Bc5+ 20. Bxc5 Qxf4 21. Rf1 Qxf1+ 22. Kxf1 Ba6+ 23. Ke1 bxc5 24. Qxe5+ Kd7 25. Bxf7 Rae8 26. Qf5+ Kd8 27. Bxe8 Rxe8 28. Qf6+ Kd7 29. Qxh6 Rxe4+ 30. Kd2 Re2+ 31. Kc3 Kc7 32. Qg7+ Kb6 33. b3 Rf2 34. Qg3 Rf1 35. Qb8+ Bb7 36. Qd8+ 1-0

[Event "Groningen op-B 55th"]
[Site "Groningen"]
[Date "2017.12.26"]
[Round "5"]
[White "De Jongh, Benno"]
[Black "Hoogeboom, Boudewijn"]
[Result "1-0"]
[WhiteElo "1957"]
[BlackElo "1627"]
[PlyCount "89"]
[EventDate "2017.12.22"]
[EventType "swiss"]
[EventRounds "9"]
[EventCountry "NED"]
[SourceTitle "CBM 182 Extra"]
[Source "ChessBase"]
[SourceDate "2018.02.23"]
[SourceVersion "1"]
[SourceVersionDate "2018.02.23"]
[SourceQuality "1"]

1. e4 g6 2. d4 Bg7 3. Nc3 d6 4. Be3 Nf6 5. Qd2 0-0 6. h4 Ng4 7. h5 Nxe3 8. Qxe3 Nc6 9. 0-0-0 e5 10. d5 Ne7 11. Be2 f5 12. hxg6 hxg6 13. Qh3 f4 14. Bg4 Bxg4 15. Qxg4 Qc8 16. Qh4 Kf7 17. Nf3 Rh8 18. Qg5 Bf6 19. Rxh8 Qxh8 20. Qg4 Qc8 21. Qxc8 Rxc8 22. Rh1 Kg7 23. Nd2 a6 24. a4 Rb8 25. a5 c6 26. Nc4 Nc8 27. Rd1 Be7 28. Na4 c5 29. Rd3 Na7 30. Rh3 Nb5 31. c3 Nc7 32. Nab6 Ne8 33. Kd2 Nf6 34. f3 Rh8 35. Rxh8 Kxh8 36. Nc8 Bf8 37. N8xd6 Kg8 38. Nxb7 Nd7 39. Nb6 Nb8 40. Kd3 Kf7 41. Kc4 Ke8 42. Nxc5 Bxc5 43. Kxc5 Nd7+ 44. Nxd7 Kxd7 45. Kb6 1-0

[Event "Hoogeveen op 21st"]
[Site "Hoogeveen"]
[Date "2017.10.23"]
[Round "4"]
[White "Balje, Jan"]
[Black "De Jongh, Benno"]
[Result "1-0"]
[WhiteElo "2191"]
[BlackElo "1919"]
[PlyCount "119"]
[EventDate "2017.10.21"]
[EventType "swiss"]
[EventRounds "9"]
[EventCountry "NED"]
[SourceTitle "CBM 181 Extra"]
[Source "ChessBase"]
[SourceDate "2017.12.12"]
[SourceVersion "1"]
[SourceVersionDate "2017.12.12"]
[SourceQuality "1"]

1. d4 Nf6 2. c4 c5 3. d5 Ne4 4. Qc2 Qa5+ 5. Nd2 f5 6. f3 Nd6 7. e4 g6 8. b4 Qxb4 9. Bb2 Rg8 10. e5 Nf7 11. Rb1 Qa5 12. Bc3 Qc7 13. f4 b6 14. g3 Bb7 15. Bg2 e6 16. d6 Qc8 17. Ngf3 g5 18. fxg5 Nxg5 19. 0-0 Nxf3+ 20. Nxf3 Be4 21. Qe2 Rg4 22. Rbe1 Bh6 23. Bh3 Rg6 24. Nh4 Qd8 25. Nxg6 hxg6 26. Bg2 Bxg2 27. Qxg2 Nc6 28. g4 Qg5 29. gxf5 Qxg2+ 30. Kxg2 gxf5 31. Rf3 Kf7 32. Rh3 Rg8+ 33. Kf3 Rg6 34. Rg3 Rxg3+ 35. hxg3 Kg6 36. a4 a5 37. Re2 Bc1 38. Re1 Bh6 39. Re2 Bg7 40. Bb2 Bh6 41. g4 fxg4+ 42. Kxg4 Bg7 43. Kf4 Bh6+ 44. Ke4 Bg7 45. Rg2+ Kf7 46. Rf2+ Kg6 47. Rg2+ Kf7 48. Bc3 Bh6 49. Rh2 Bg7 50. Rb2 Nb4 51. Rf2+ Kg6 52. Bxb4 axb4 53. a5 bxa5 54. Ra2 a4 55. Rxa4 Bh6 56. Ra7 Bd2 57. Rxd7 b3 58. Rb7 Bb4 59. Kd3 Kf5 60. Rxb4 1-0

[Event "Hoogeveen op 21st"]
[Site "Hoogeveen"]
[Date "2017.10.21"]
[Round "1"]
[White "Van Dael, Siem"]
[Black "De Jongh, Benno"]
[Result "1/2-1/2"]
[WhiteElo "2286"]
[BlackElo "1919"]
[PlyCount "20"]
[EventDate "2017.10.21"]
[EventType "swiss"]
[EventRounds "9"]
[EventCountry "NED"]
[SourceTitle "CBM 181 Extra"]
[Source "ChessBase"]
[SourceDate "2017.12.12"]
[SourceVersion "1"]
[SourceVersionDate "2017.12.12"]
[SourceQuality "1"]

1. e4 e5 2. Nf3 d5 3. exd5 e4 4. Qe2 Nf6 5. Nc3 Be7 6. Nxe4 0-0 7. Nxf6+ Bxf6 8. Qc4 Re8+ 9. Be2 b5 10. Qc5 Na6 1/2-1/2